书目信息 |
| 题名: |
法语基础词汇速记及考点精练
|
|
| 作者: | 谢志超 , 曹硕 , 火风 主编 | |
| 分册: | ||
| 出版信息: | 上海 东华大学出版社 2008.04 |
|
| 页数: | 471页 | |
| 开本: | 21cm | |
| 丛书名: | ||
| 单 册: | ||
| 中图分类: | H323 | |
| 科图分类: | ||
| 主题词: | 法语--fa yu--词汇--教学参考资料 | |
| 电子资源: | ||
| ISBN: | 978-7-81111-375-4 | |
| 000 | 00919nam0 2200253 450 | |
| 001 | 012008065951 | |
| 005 | 20080703144617.10 | |
| 010 | @a978-7-81111-375-4@dCNY29.80 | |
| 100 | @a20080519d2008 em y0chiy0120 ea | |
| 101 | 0 | @achi@afre |
| 102 | @aCN@b310000 | |
| 105 | @ay z 000yy | |
| 106 | @ar | |
| 200 | 1 | @a法语基础词汇速记及考点精练@Afa yu ji chu ci hui su ji ji kao dian jing lian@f谢志超, 曹硕, 火风主编@Fxie zhi chao,cao shuo,huo feng zhu bian |
| 210 | @a上海@c东华大学出版社@d2008.04 | |
| 215 | @a471页@d21cm | |
| 330 | @a本书之所以采取法英汉三语对照的形式,是因为法语和英语同为印欧语系,两种语言相互融合的历史源远流长,这充分体现在他们的词汇体系中。 | |
| 606 | 0 | @a法语@Afa yu@x词汇@j教学参考资料 |
| 690 | @aH323@v4 | |
| 701 | 0 | @a谢志超@Axie zhi chao@4主编 |
| 701 | 0 | @a曹硕@Acao shuo@4主编 |
| 701 | 0 | @a火风@Ahuo feng@4主编 |
| 801 | 0 | @aCN@bQSSK@c20080703 |
| 905 | @b730620-22@dH323@eX490@f3 | |
| 法语基础词汇速记及考点精练/谢志超, 曹硕, 火风主编.-上海:东华大学出版社,2008.04 |
| 471页;21cm |
| ISBN 978-7-81111-375-4:CNY29.80 |
| 本书之所以采取法英汉三语对照的形式,是因为法语和英语同为印欧语系,两种语言相互融合的历史源远流长,这充分体现在他们的词汇体系中。 |
| ● |
| 相关链接 |
|
|
|
正题名:法语基础词汇速记及考点精练
索取号:H323/X490
 
预约/预借
| 序号 | 登录号 | 条形码 | 馆藏地/架位号 | 状态 | 备注 |
| 1 | 730620 | 207306208 | 语言库209/209语言库 116排1列6层/ [索取号:H323/X490] | 在馆 | |
| 2 | 730621 | 207306217 | 语言库209/209语言库 116排1列6层/ [索取号:H323/X490] | 在馆 | |
| 3 | 730622 | 207306226 | 语言库209/209语言库 116排1列6层/ [索取号:H323/X490] | 在馆 |